[Event "28th WSCC2018 - Open 50+"]
[Site "Bled"]
[Date "2018.11.27"]
[Round "9.30"]
[White "Lochte, Thomas"]
[Black "Galvan Sarmiento, Jose Luis"]
[Result "1-0"]
[WhiteElo "2105"]
[BlackElo "1868"]
[PlyCount "111"]
[EventDate "2018.11.18"]

1. e4 c5 2. d4 cxd4 3. c3 Nf6 4. e5 Nd5 5. Qxd4 e6 6. Nf3 Nc6 7. Qe4 f5 8. exf6
Nxf6 9. Qh4 e5 10. Be2 e4 11. Ng5 d5 12. O-O Be7 13. c4 Nd4 14. Nc3 Nxe2+ 15.
Nxe2 O-O 16. cxd5 Qxd5 17. Nxh7 Nxh7 18. Qxe7 Nf6 19. Nf4 Qf5 20. Be3 Bd7 21.
Rfd1 Rfe8 22. Qd6 Bc6 23. Rac1 a6 24. Rc5 Qg4 25. h3 Qc8 26. Rg5 Qd8 27. Qxd8
Raxd8 28. Rxd8 Rxd8 29. Rxg7+ Kxg7 30. Ne6+ Kg8 31. Nxd8 Bd5 32. Bc5 Nd7 33.
Be7 b6 34. b3 Ne5 35. Kf1 Nd3 36. Ke2 Nf4+ 37. Kf1 a5 38. Bd6 Nd3 39. Bc7 Nc1
40. Bxb6 Nxa2 41. Bxa5 Bxb3 42. Nb7 Bd5 43. Nc5 Nc1 44. Ke1 Nb3 45. Nxb3 Bxb3
46. Kd2 Bc4 47. g3 Bf1 48. h4 Kf7 49. Ke3 Bg2 50. Kf4 Kg6 51. g4 Bf3 52. h5+
Kh6 53. Kf5 Kh7 54. Bd2 Be2 55. Kg5 Bf3 56. Kh4 1-0

[Event "28th WSCC2018 - Open 50+"]
[Site "Bled"]
[Date "2018.11.27"]
[Round "9.31"]
[White "Phillips, Owen S"]
[Black "Belmont Hernandez, Andres"]
[Result "1/2-1/2"]
[WhiteElo "1894"]
[BlackElo "2080"]
[PlyCount "101"]
[EventDate "2018.11.18"]

1. g3 Nf6 2. Bg2 d5 3. f4 c5 4. Nf3 Nc6 5. O-O e6 6. b3 Be7 7. Bb2 O-O 8. e3 b6
9. Ne5 Bb7 10. Nxc6 Bxc6 11. g4 Qc7 12. g5 Ne4 13. d3 Nd6 14. Rf3 f6 15. Rh3 g6
16. Qg4 f5 17. Qf3 Rf7 18. Rg3 Rc8 19. Nd2 Ba8 20. h4 c4 21. Be5 cxd3 22. cxd3
d4 23. Qe2 dxe3 24. Qxe3 Bxg2 25. Rxg2 Qc5 26. d4 Qd5 27. Re1 Rc2 28. a4 Bf8
29. h5 Rfc7 30. hxg6 hxg6 31. Bxd6 Bxd6 32. Qxe6+ Qxe6 33. Rxe6 Bxf4 34. Rxg6+
Kh7 35. Rh6+ Kg7 36. Nc4 Rc1+ 37. Kf2 Bxg5 38. Rh5 Rc2+ 39. Kg1 Rxg2+ 40. Kxg2
Kg6 41. Rh1 f4 42. Re1 Kf5 43. Kf3 Rh7 44. Nd6+ Kf6 45. Ne4+ Kf5 46. Nxg5 Kxg5
47. Re5+ Kf6 48. Kxf4 Rh4+ 49. Ke3 Rh3+ 50. Ke4 Rxb3 51. a5 1/2-1/2

[Event "28th WSCC2018 - Open 50+"]
[Site "Bled"]
[Date "2018.11.27"]
[Round "9.32"]
[White "Neubauer, Anton"]
[Black "Smith, Peter R"]
[Result "0-1"]
[WhiteElo "1913"]
[BlackElo "2049"]
[PlyCount "110"]
[EventDate "2018.11.18"]

1. e4 g6 2. d4 Bg7 3. Nf3 c6 4. h3 d6 5. Bd3 Nd7 6. c3 Qc7 7. O-O Ngf6 8. Re1
e5 9. Nbd2 O-O 10. Nf1 a6 11. a4 b6 12. Ng3 Bb7 13. Bg5 h6 14. Be3 Kh7 15. Rc1
c5 16. Qe2 c4 17. Bc2 b5 18. Nd2 Rfe8 19. Qf1 d5 20. b3 cxb3 21. Bxb3 bxa4 22.
Bxa4 Nxe4 23. Ngxe4 dxe4 24. Nc4 Bc6 25. Bxc6 Qxc6 26. d5 Qc7 27. Nb2 Bf8 28.
Na4 f5 29. c4 Nc5 30. Nxc5 Bxc5 31. Bxc5 Qxc5 32. Qe2 a5 33. Rb1 Rab8 34. Qa2
Rb4 35. Rxb4 axb4 36. Qa6 Rc8 37. Qb5 Qxb5 38. cxb5 Rc5 39. Ra1 b3 40. Rb1 Rxb5
41. d6 Rb7 42. Rc1 b2 43. Rb1 Kg7 44. d7 Rxd7 45. Rxb2 Rd1+ 46. Kh2 Rd3 47. h4
f4 48. Rb7+ Kf6 49. Rb6+ Kf5 50. h5 gxh5 51. Rb1 e3 52. f3 e2 53. Re1 Re3 54.
Kg1 e4 55. Kf2 h4 0-1

[Event "28th WSCC2018 - Open 50+"]
[Site "Bled"]
[Date "2018.11.27"]
[Round "9.33"]
[White "Lopez De Turiso, Jose Angel"]
[Black "Peter, Steven"]
[Result "1-0"]
[WhiteElo "1934"]
[BlackElo "2040"]
[PlyCount "79"]
[EventDate "2018.11.18"]

1. g3 d5 2. Nf3 Nf6 3. Bg2 e6 4. O-O c5 5. c4 dxc4 6. Na3 Nc6 7. Nxc4 Be7 8. b3
O-O 9. Bb2 Qc7 10. e3 Rd8 11. Qe2 Bd7 12. d4 Rac8 13. Rac1 b6 14. dxc5 Bxc5 15.
Bxf6 gxf6 16. Qb2 Be7 17. Ncd2 Qb8 18. Ne4 e5 19. Qe2 Nb4 20. Nc3 Be6 21. Nh4
Kh8 22. Be4 Rg8 23. Qh5 Rg7 24. Nf5 Bxf5 25. Qxf5 Rd8 26. Rfd1 Rg6 27. h4 Rxd1+
28. Nxd1 Qd6 29. Rc8+ Bf8 30. Nc3 Kg8 31. h5 Rh6 32. Qg4+ Kh8 33. a3 Na6 34.
Nb5 Qe7 35. b4 f5 36. Qxf5 Kg8 37. Qg4+ Kh8 38. Kg2 f5 39. Bxf5 Rf6 40. e4 1-0

[Event "28th WSCC2018 - Open 50+"]
[Site "Bled"]
[Date "2018.11.27"]
[Round "9.34"]
[White "Marcos Herrero, Francisco"]
[Black "Brongers, Henk"]
[Result "0-1"]
[WhiteElo "1889"]
[BlackElo "2016"]
[PlyCount "78"]
[EventDate "2018.11.18"]

1. Nf3 g6 2. e4 Bg7 3. d4 d6 4. Nc3 a6 5. h4 h5 6. Bg5 b5 7. Bd3 Nd7 8. Qd2 Bb7
9. O-O c5 10. dxc5 Nxc5 11. Nd5 Bxd5 12. exd5 Nxd3 13. Qxd3 Bxb2 14. Rab1 Bg7
15. Nd4 Bxd4 16. Qxd4 f6 17. Rb3 Kf7 18. Re1 Rh7 19. Rf3 Rc8 20. Be3 Rc4 21.
Qa7 Qa5 22. Rd1 Rxh4 23. Bb6 Qb4 24. c3 Qa4 25. Re1 Re4 26. Rfe3 Rxe3 27. Rxe3
Qd1+ 28. Kh2 Qxd5 29. Bd8 Qc5 30. Rxe7+ Nxe7 31. Qxe7+ Kg8 32. Qe6+ Rf7 33.
Bxf6 Qf5 34. Qxf5 gxf5 35. Bd4 Re7 36. Be3 Re4 37. a3 Kf7 38. Kg3 Ke6 39. Kf3
Kd5 0-1

[Event "28th WSCC2018 - Open 50+"]
[Site "Bled"]
[Date "2018.11.27"]
[Round "9.35"]
[White "Giulian, Rosemary A"]
[Black "Povse, Martin"]
[Result "0-1"]
[WhiteElo "1886"]
[BlackElo "2014"]
[PlyCount "66"]
[EventDate "2018.11.18"]

1. e4 c5 2. c3 e6 3. d4 cxd4 4. cxd4 Nf6 5. e5 Nd5 6. Nf3 Nb6 7. Bd3 d5 8. O-O
Be7 9. Nc3 Bd7 10. Bf4 a6 11. Rc1 Nc6 12. Re1 h6 13. Bb1 Nc4 14. Rc2 b5 15.
Rce2 g5 16. Bc1 g4 17. Nd2 Nxd4 18. Nxc4 Nxe2+ 19. Qxe2 bxc4 20. Qxg4 Bc6 21.
Qg7 Kd7 22. Qg4 Bc5 23. Ne4 Be7 24. Rd1 h5 25. Qh3 Qb6 26. Qc3 Kc7 27. Nf6 Rad8
28. Be3 Bc5 29. Bxc5 Qxc5 30. Rd4 Rb8 31. Bc2 Qb4 32. Qxb4 Rxb4 33. b3 cxb3 0-1

[Event "28th WSCC2018 - Open 50+"]
[Site "Bled"]
[Date "2018.11.27"]
[Round "9.36"]
[White "Araya Umana, Carlos"]
[Black "Spiess, Thomas"]
[Result "1-0"]
[WhiteElo "1870"]
[BlackElo "1975"]
[PlyCount "89"]
[EventDate "2018.11.18"]

1. Nf3 d5 2. b3 Bg4 3. Ne5 Bf5 4. Bb2 f6 5. Nf3 e5 6. e3 Bd6 7. c4 c6 8. Nc3
Ne7 9. Be2 O-O 10. cxd5 cxd5 11. O-O Nbc6 12. d4 e4 13. Ne1 Be6 14. Nb5 Bb8 15.
Ba3 a6 16. Nc3 b5 17. Bc5 f5 18. g3 g5 19. f4 h6 20. Rc1 Ba7 21. Bxa7 Rxa7 22.
Rf2 Qd6 23. Nc2 Qb8 24. Qe1 Rc7 25. Bd1 Ng6 26. Rg2 Rg7 27. Kh1 Qd6 28. Na1 Rc8
29. Be2 Qf8 30. Bf1 Kh7 31. a3 Qg8 32. b4 Rcc7 33. Ne2 Na7 34. Nb3 Rc4 35. Nc5
Bc8 36. Nc3 Ne7 37. Bxc4 dxc4 38. Qe2 g4 39. Ra1 Nac6 40. Qb2 Nd5 41. Nxd5 Qxd5
42. a4 a5 43. axb5 Nxb4 44. Rxa5 Nd3 45. Qa3 {(51)} 1-0

[Event "28th WSCC2018 - Open 50+"]
[Site "Bled"]
[Date "2018.11.27"]
[Round "9.37"]
[White "Melkevik, Johannes"]
[Black "Zimmermann, Curt"]
[Result "1-0"]
[WhiteElo "1865"]
[BlackElo "1943"]
[PlyCount "127"]
[EventDate "2018.11.18"]

1. e4 c6 2. d4 d5 3. f3 Nf6 4. e5 Nfd7 5. f4 e6 6. Nf3 c5 7. Nc3 cxd4 8. Nxd4
a6 9. Be3 Nc6 10. Bd3 Nc5 11. O-O Nxd4 12. Bxd4 Nxd3 13. Qxd3 Bd7 14. Rad1 Qc7
15. Kh1 Bc5 16. Bxc5 Qxc5 17. Ne4 Qb4 18. Nd6+ Kf8 19. a3 Qb6 20. Qc3 g6 21.
Rf3 f5 22. Qb3 Qxb3 23. Rxb3 b5 24. Rdd3 Ra7 25. Rdc3 Ke7 26. Rc5 Rb8 27. Kg1
Rb6 28. Nc8+ Bxc8 29. Rxc8 Kf7 30. Kf2 Rbb7 31. Ke3 Rc7 32. Rc3 Rxc3+ 33. Rxc3
Ke7 34. Rc6 Kd7 35. Rd6+ Ke7 36. c3 h6 37. h4 Kf7 38. Rc6 Ke7 39. Kd4 Kd7 40.
Rd6+ Ke7 41. Kc5 Rc7+ 42. Rc6 Rd7 43. Rxa6 d4 44. cxd4 Rd5+ 45. Kc6 Rxd4 46.
Ra7+ Kf8 47. g3 Rd3 48. Rd7 Rxg3 49. Kd6 g5 50. hxg5 hxg5 51. fxg5 Rxg5 52.
Kxe6 Rg2 53. Rf7+ Ke8 54. Rb7 Kd8 55. Rxb5 f4 56. Rb4 f3 57. Kf7 Rc2 58. e6
Rc7+ 59. Kf6 Rc8 60. Rf4 Rb8 61. b4 f2 62. Rxf2 Ra8 63. Rf3 Ke8 64. Rh3 1-0

[Event "28th WSCC2018 - Open 50+"]
[Site "Bled"]
[Date "2018.11.27"]
[Round "9.38"]
[White "Hoffmann, Michael"]
[Black "De Meester, Johan"]
[Result "1/2-1/2"]
[WhiteElo "1970"]
[BlackElo "1720"]
[PlyCount "56"]
[EventDate "2018.11.18"]

1. Nf3 Nf6 2. d4 d5 3. e3 c6 4. Bd3 Bg4 5. b3 e6 6. Bb2 Bd6 7. Nbd2 Bh5 8. c4
Bb4 9. a3 Bxd2+ 10. Qxd2 Nbd7 11. h3 Bg6 12. Bxg6 hxg6 13. cxd5 exd5 14. Qb4
Qb6 15. Qxb6 axb6 16. Ke2 Ne4 17. Rhc1 Ke7 18. Nd2 Ndf6 19. a4 Nxd2 20. Kxd2
Ne4+ 21. Ke2 Kd7 22. Ba3 g5 23. Bb4 Ra6 24. Be1 Rha8 25. f3 Nd6 26. Rab1 Re8
27. Bb4 Nf5 28. Kf2 Nxe3 1/2-1/2

[Event "28th WSCC2018 - Open 50+"]
[Site "Bled"]
[Date "2018.11.27"]
[Round "9.39"]
[White "Theuer, Carsten"]
[Black "Vieira, Alexandre Letizio"]
[Result "1/2-1/2"]
[WhiteElo "1989"]
[BlackElo "1810"]
[PlyCount "69"]
[EventDate "2018.11.18"]

1. e4 Nf6 2. e5 Nd5 3. d4 d6 4. c4 Nb6 5. exd6 cxd6 6. Be3 g6 7. Nc3 Bg7 8. Qd2
Nc6 9. h3 O-O 10. Nf3 e5 11. d5 Ne7 12. Bh6 Bxh6 13. Qxh6 Nf5 14. Qd2 Kg7 15.
Bd3 Nh4 16. Nxh4 Qxh4 17. b3 f5 18. g3 Qf6 19. Rc1 a6 20. h4 h6 21. Kd1 Nd7 22.
Kc2 Nc5 23. Kb1 Bd7 24. f4 e4 25. Be2 h5 26. b4 Na4 27. Nxa4 Bxa4 28. Qb2 Bd7
29. Rhe1 b6 30. Bf1 Kf7 31. Re3 Qxb2+ 32. Kxb2 a5 33. b5 Rac8 34. a4 Rc5 35.
Kc3 1/2-1/2

[Event "28th WSCC2018 - Open 50+"]
[Site "Bled"]
[Date "2018.11.27"]
[Round "9.41"]
[White "Buciu, Aurel-John"]
[Black "Davis, Lee"]
[Result "1-0"]
[WhiteElo "1687"]
[BlackElo "1948"]
[PlyCount "89"]
[EventDate "2018.11.18"]

1. d4 Nf6 2. Bf4 d6 3. Nd2 g6 4. e3 Bg7 5. Ngf3 O-O 6. Be2 Nbd7 7. c3 b6 8. h3
Bb7 9. O-O Re8 10. Qb3 e6 11. a4 a5 12. Bg5 h6 13. Bh4 g5 14. Bg3 Qe7 15. Rfe1
e5 16. dxe5 dxe5 17. Bc4 Nc5 18. Qa2 Nfe4 19. Bh2 Nd6 20. Be2 Rad8 21. Rad1 Bc8
22. Nf1 Be6 23. c4 Bd7 24. b3 Nde4 25. Qb2 f6 26. N3d2 Nxd2 27. Nxd2 Bc6 28.
Nf1 e4 29. Ng3 Bd7 30. Nh5 Bh8 31. Bxc7 Rc8 32. Bd6 Qf7 33. Bxc5 bxc5 34. Rd6
Be6 35. Red1 f5 36. Qd2 Be5 37. Ra6 f4 38. Bg4 Bxg4 39. hxg4 Rcd8 40. Qe1 f3
41. Rd2 Bc3 42. Rxd8 Bxe1 43. Rxe8+ Kh7 44. Nf6+ Kg7 45. Rg8+ 1-0

[Event "28th WSCC2018 - Open 50+"]
[Site "Bled"]
[Date "2018.11.27"]
[Round "9.44"]
[White "Schneider, Waldemar"]
[Black "Gilbert, Michael A"]
[Result "0-1"]
[WhiteElo "1738"]
[BlackElo "1921"]
[PlyCount "44"]
[EventDate "2018.11.18"]

1. d4 c5 2. d5 d6 3. c4 Nf6 4. Nc3 g6 5. Nf3 Bg7 6. e4 O-O 7. Qc2 Na6 8. Be3
Ng4 9. Bd2 f5 10. h3 fxe4 11. Nxe4 Ne5 12. Nxe5 Bxe5 13. Bd3 Nb4 14. Bxb4 cxb4
15. O-O e6 16. Nd2 exd5 17. cxd5 Bxh3 18. Bxg6 Bxg2 19. Bxh7+ Kh8 20. Kxg2 Qg5+
21. Kh3 Qh5+ 22. Kg2 Qh2# 0-1

[Event "28th WSCC2018 - Open 50+"]
[Site "Bled"]
[Date "2018.11.27"]
[Round "9.45"]
[White "Zillner, Wilhelm"]
[Black "Fainman, Avi"]
[Result "1-0"]
[WhiteElo "1902"]
[BlackElo "1385"]
[PlyCount "89"]
[EventDate "2018.11.18"]

1. e4 c6 2. d4 d5 3. exd5 cxd5 4. c4 e6 5. Nc3 Bb4 6. Nf3 Nd7 7. cxd5 exd5 8.
Bd3 Ngf6 9. O-O O-O 10. Bg5 h6 11. Nxd5 Bd6 12. Nxf6+ Nxf6 13. Bh4 Re8 14. Re1
g5 15. Bg3 Bxg3 16. hxg3 Bg4 17. Qd2 Bxf3 18. gxf3 Qd5 19. f4 Ne4 20. Bxe4 Rxe4
21. Rxe4 Qxe4 22. Re1 Qf5 23. fxg5 Qxg5 24. Qxg5+ hxg5 25. Re7 b6 26. Kg2 Rd8
27. Rxa7 Rxd4 28. Kf3 Kg7 29. Ke3 Rd6 30. Ra4 f5 31. Rd4 Re6+ 32. Kd2 Kf6 33.
f4 Rc6 34. a4 g4 35. b3 Ke6 36. Rc4 Rd6+ 37. Ke2 Kd5 38. Rc3 Rh6 39. Re3 Kd6
40. Re5 Re6 41. Rxe6+ Kxe6 42. Kd3 Kd5 43. b4 Kd6 44. Kd4 Ke6 45. a5 1-0

[Event "28th WSCC2018 - Open 50+"]
[Site "Bled"]
[Date "2018.11.27"]
[Round "9.46"]
[White "De Winter, Gerard"]
[Black "Cesar, Geovanny"]
[Result "0-1"]
[WhiteElo "1663"]
[BlackElo "1862"]
[PlyCount "98"]
[EventDate "2018.11.18"]

1. d4 d5 2. Nf3 Nf6 3. Bf4 Nbd7 4. h3 b6 5. e3 Bb7 6. Bd3 h6 7. Nbd2 e6 8. c3
Be7 9. O-O c5 10. a4 c4 11. Bc2 a6 12. Qe2 b5 13. axb5 axb5 14. e4 dxe4 15.
Nxe4 O-O 16. Bg3 Qb6 17. Ne5 Nxe5 18. Bxe5 Nd5 19. Bxg7 Kxg7 20. Qg4+ Kh8 21.
Qh5 e5 22. Qxe5+ f6 23. Qf5 Rf7 24. Qg6 Rg7 25. Qxh6+ Kg8 26. Ng3 Nc7 27. Rxa8+
Bxa8 28. Re1 Qd6 29. Be4 Bxe4 30. Rxe4 Qd5 31. Rg4 Rxg4 32. hxg4 Qg5 33. Nf5
Qxh6 34. Nxh6+ Kf8 35. Nf5 Nd5 36. Ne3 Nf4 37. g3 Nd3 38. Nd1 Kf7 39. f4 Ke6
40. Kg2 Kd5 41. Kf3 Bd8 42. Ne3+ Kc6 43. Nd1 Kd5 44. Ne3+ Ke6 45. Nd1 Ba5 46.
Ke2 Nxb2 47. Nxb2 Bxc3 48. Nd1 Bxd4 49. Kd2 b4 0-1

[Event "28th WSCC2018 - Open 50+"]
[Site "Bled"]
[Date "2018.11.27"]
[Round "9.47"]
[White "Serafim Junior, Arnor"]
[Black "Shashidhar, B Rai"]
[Result "1/2-1/2"]
[WhiteElo "1845"]
[BlackElo "1332"]
[PlyCount "86"]
[EventDate "2018.11.18"]

1. c4 c5 2. Nc3 Nc6 3. g3 e6 4. e4 d6 5. Bg2 Nf6 6. Nge2 Be7 7. d3 e5 8. h3 h5
9. O-O O-O 10. a3 Bd7 11. Rb1 Nd4 12. b4 Rb8 13. bxc5 dxc5 14. Kh2 Qc7 15. Bd2
a6 16. a4 Bc6 17. Re1 Bd6 18. Nxd4 cxd4 19. Nd5 Nxd5 20. cxd5 Bd7 21. Qb3 b5
22. axb5 axb5 23. Rec1 Qb6 24. Bb4 Rfc8 25. h4 Bxb4 26. Qxb4 Qf6 27. Kg1 g5 28.
hxg5 Qxg5 29. Rxc8+ Rxc8 30. Qd6 Bg4 31. Qa3 Rc3 32. Qa8+ Rc8 33. Qb7 Qd2 34.
Qxb5 Kg7 35. d6 Qg5 36. Ra1 Rc2 37. d7 Qf6 38. Rf1 Be2 39. d8=Q Qxd8 40. Qxe5+
Qf6 41. Qxf6+ Kxf6 42. Ra1 Bxd3 43. Rd1 Rc3 1/2-1/2

[Event "28th WSCC2018 - Open 50+"]
[Site "Bled"]
[Date "2018.11.27"]
[Round "9.48"]
[White "Muniraju, Narayanappa"]
[Black "Ring, Rudolf"]
[Result "1/2-1/2"]
[WhiteElo "1259"]
[BlackElo "1745"]
[PlyCount "33"]
[EventDate "2018.11.18"]

1. e4 e5 2. f4 exf4 3. Nf3 g5 4. Bc4 d6 5. h4 g4 6. Ng5 Nh6 7. O-O Be7 8. d4 c6
9. Bxf4 d5 10. exd5 cxd5 11. Bb5+ Nc6 12. Qe2 O-O 13. c3 Bd6 14. Bd3 Bxf4 15.
Rxf4 f5 16. Nd2 Rf6 17. Re1 1/2-1/2

[Event "28th WSCC2018 - Open 50+"]
[Site "Bled"]
[Date "2018.11.27"]
[Round "9.50"]
[White "Dabraccio, Guillermo"]
[Black "Horackova, Isabela"]
[Result "1-0"]
[WhiteElo "1686"]
[BlackElo "1125"]
[PlyCount "41"]
[EventDate "2018.11.18"]

1. d4 d5 2. Nf3 Nf6 3. e3 e6 4. Bd3 Be7 5. Nbd2 O-O 6. O-O Nc6 7. a3 a5 8. b3
b6 9. Qe2 Bb7 10. Bb2 Re8 11. Ne5 Bd6 12. f4 Ne7 13. g4 h6 14. g5 hxg5 15. fxg5
Nh7 16. Bxh7+ Kh8 17. Qh5 Bxe5 18. Bg6+ Kg8 19. Qh7+ Kf8 20. Qh8+ Ng8 21. Rxf7#
1-0